Primary boarding schools for the children of nomands : (Record no. 136929)
[ view plain ]
| 000 -CABECERA | |
|---|---|
| campo de control de longitud fija | 00672nam a2200205 a 4500 |
| 005 - FECHA Y HORA DE LA ÚLTIMA TRANSACCIÓN | |
| campo de control | 20210223130754.0 |
| 008 - ELEMENTOS DE LONGITUD FIJA--INFORMACIÓN GENERAL | |
| campo de control de longitud fija | 081103s1987 mx r 000 0 spa d |
| 035 ## - NÚMERO DE CONTROL DEL SISTEMA | |
| Número de control de sistema | UPN01000164817 |
| 049 ## - COLECCIÓN | |
| Colección | UNE |
| 080 ## - NÚMERO DE CLASIFICACIÓN DECIMAL UNIVERSAL | |
| Número de la Clasificación Decimal Universal | 373.3 (65) =20 BEN No.176. |
| 100 1# - ASIENTO PRINCIPAL--NOMBRE PERSONAL | |
| Nombre de persona | Bensalah, Kacem |
| 9 (RLIN) | 43105 |
| 245 10 - MENCIÓN DE TÍTULO | |
| Título | Primary boarding schools for the children of nomands : |
| Resto del título | an Algerian experience / |
| Mención de responsabilidad, etc. | by Kacem Bensalah. |
| 260 ## - PUBLICACIÓN, DISTRIBUCIÓN, ETC. | |
| Lugar de publicación, distribución, etc. | París : |
| Nombre del editor, distribuidor, etc. | UNESCO ; |
| Lugar de publicación, distribución, etc. | New York : |
| Nombre del editor, distribuidor, etc. | UNICEF, |
| Fecha de publicación, distribución, etc. | 1987. |
| 300 ## - DESCRIPCIÓN FÍSICA | |
| Extensión | 21 p. : |
| Otras características físicas | il. |
| 440 #0 - MENCIÓN DE SERIE/ASIENTO SECUNDARIO--TÍTULO | |
| Título | Notes, comments... ; |
| Designación de volumen o secuencia | 176 |
| 690 ## - PUNTO DE ACCESO ADICIONAL DE MATERIA LOCAL--TÉRMINO DE MATERIA (OCLC, RLIN) | |
| Término de materia o nombre geográfico como elemento inicial | Enseñanza primaria - Argelia |
| 710 2# - ASIENTO SECUNDARIO - NOMBRE CORPORATIVO | |
| Nombre de entidad corporativa o nombre de jurisdicción como elemento de entrada | UNICEF |
| 9 (RLIN) | 24085 |
| 710 2# - ASIENTO SECUNDARIO - NOMBRE CORPORATIVO | |
| Nombre de entidad corporativa o nombre de jurisdicción como elemento de entrada | Programa de Alimentación Mundial |
| 905 ## - TIPO DE MATERIAL | |
| Tipo de material | UNESCO |
| Estado de retiro | Estado de pérdida | Fuente del sistema de clasificación o colocación | Estado dañado | No para préstamo | Código de colección | Localización permanente | Ubicación/localización actual | Ubicación en estantería | Fecha de adquisición | Clasificación | Código de barras | Fecha visto por última vez | Número de copia | Tipo de ítem Koha |
|---|---|---|---|---|---|---|---|---|---|---|---|---|---|---|
| Library of Congress Classification | Disponible (Préstamo en sala) | UNESCO | Bib. Gregorio Torres Quintero | Bib. Gregorio Torres Quintero | Colecciones especiales Planta alta | 03/02/2023 | 373.3 (65) =20 BEN No. 176 | U7424 | 31/12/2020 | 1 | Libro |
